01125nam a2200265Ia 450000500170000000800390001702000150005604100080007108200210007924500910010025000210019126400280021230000260024033600270026633700330029333800280032650000210035452002670037565000320064265000440067465000470071870000280076570000310079304000350082420220316235412.0121119s2000 sp gr 001 0 spa a84494181430 aspa04aR 639.089 bM15m03aEl manual Merck de veterinariaceditor, Susan E. Aiello ; traducción, Alfonso Abecia aQuinta edición 1aBarcelonabOceanoc2000 a2258 páginasc22 cm atextobtxt2rdacontent asin mediaciónbn2rdamedia avolumenbnc2rdacarrier aIncluye índice2 aEsta edición española pone al alcance de los lectores de la obra de referencia más autorizada y completa de las prácticas veterinarias. Incorpora el conocimiento y los avances en el diagnóstico y tratamiento de problemas de salud animal más reciente.142LEMBaVeterinariaxManuales142LEMBaPatología veterinariavManuales142LEMBaEnfermedades carenciales de animales1 aAiello, Susan Eeeditor1 aAbecia, Alfonsoetraductor aCO-BoRNBPbspaerdacCO-BoRNBP